000 00800nam a2200289Ia 4500
008 170203s9999 xx 000 0 und d
020 _a0-439219485
050 _aFic
050 _bG798m
100 _aGreenburg, Dan.
245 _aMaximum Boy, starring in Maximum Girl unmasked /
245 _cby Dan Greenburg ; illustrations by Greg Swearingen.
260 _aNew York :
260 _bScholastic,
260 _c©2002.
300 _a106 pages :
300 _billustrations ;
300 _c20 cm.
500 _a"A Little Apple paperback."
650 _aChildren's stories.
650 _aHeroes --
650 _aTime travel --
650 _xFiction.
650 _xFiction.
700 _aMaximum Girl unmasked, other title.
700 _aSwearingen, Greg, illustrator.
999 _c306575
_d306575